Library Banner

(ہیلتھ مینجمنٹ انفارمیشن سسٹم برائے ابتدائی سطح کے)Health management information system braea ibtadai satah ke (Record no. 5069)

MARC details
000 -LEADER
fixed length control field 00588nam a2200169Ia 4500
001 - CONTROL NUMBER
control field 4970
003 - CONTROL NUMBER IDENTIFIER
control field OSt
005 - DATE AND TIME OF LATEST TRANSACTION
control field 20160315114258.0
008 - FIXED-LENGTH DATA ELEMENTS--GENERAL INFORMATION
fixed length control field 140318s9999 xx 000 0 und d
040 ## - CATALOGING SOURCE
Transcribing agency PK-LaUMT
082 ## - DEWEY DECIMAL CLASSIFICATION NUMBER
Classification number 613
Item number HOK-H
245 ## - TITLE STATEMENT
Title (ہیلتھ مینجمنٹ انفارمیشن سسٹم برائے ابتدائی سطح کے)Health management information system braea ibtadai satah ke
260 ## - PUBLICATION, DISTRIBUTION, ETC. (IMPRINT)
Place of publication, distribution, etc (اسلام آباد، پاکستان)Islamabad,Pakistan:
Name of publisher, distributor, etc (منسٹری آف ھیلتھ)Ministroy of Health,
Date of publication, distribution, etc 1994
300 ## - PHYSICAL DESCRIPTION
Extent 235 p.
546 ## - LANGUAGE NOTE
Language note UR
942 ## - ADDED ENTRY ELEMENTS (KOHA)
Koha item type Books
Source of classification or shelving scheme Dewey Decimal Classification
Holdings
Withdrawn status Lost status Damaged status Not for loan Home library Current library Date acquired Total Checkouts Full call number Barcode Date last seen Price effective from Koha item type
        UMT Main Campus UMT Main Campus 2014-03-18   613 HOK-H 4007 2014-03-18 2014-03-18 Books